000
00232nam a2200085Ia 4500
245
0
_a
The media and communications industry
100
_a
Wilson, Rosie London, 2009
942
_c
BK
008
210818s9999 xx 000 0 und d
999
_c
431444
_d
431443